Material ConneXion : the global resource of new and innovative materials for architects, artists, and designers /

Tallennettuna:
Bibliografiset tiedot
Päätekijä: Beylerian, George M.
Yhteisötekijä: Material ConneXion (Firm)
Muut tekijät: Dent, Andrew., Moryadas, Anita.
Aineistotyyppi: Kirja
Kieli:English
Julkaistu: Hoboken, N.J. : J. Wiley, c2005.
Aiheet:
Tagit: Lisää tagi
Ei tageja, Lisää ensimmäinen tagi!
Thư viện lưu trữ: Mạng thư viện Đại học Đà Nẵng
LEADER 01345nam a22003491a 4500
001 000034686
003 10896
005 20240923105123.0
008 151027s2005 000 eng
020 |a 9780471754039 
040 |a lnn  |c lnn  |d lnn 
082 0 0 |a 620.1  |b BE-G 
100 1 |a Beylerian, George M. 
245 1 0 |a Material ConneXion :  |b the global resource of new and innovative materials for architects, artists, and designers /  |c George M. Beylerian, Andrew Dent ; edited by Anita Moryadas. 
260 |a Hoboken, N.J. :  |b J. Wiley,  |c c2005. 
300 |a 287 p. :  |b col. ill. ;  |c 29 cm. 
504 |a Includes bibliographical references (p. [274]) and index. 
650 0 |a Materials  |x Technological innovations. 
650 0 |a Architecture and technology. 
650 0 |a Design and technology. 
700 1 |a Dent, Andrew. 
700 1 |a Moryadas, Anita. 
710 2 |a Material ConneXion (Firm) 
OWN |a LNN 
AVA |a UDN50  |b LNN  |c English  |d 620.1BE-G  |e available  |t Error 5001 Not defined in file expand_doc_bib_avail.  |f 1  |g 0  |h N  |i 0  |j AN  |k 1 
999 |a From the UDN01 
AVA |a UDN50  |b LNN  |c English  |d 620.1BE-G  |e available  |t Error 5001 Not defined in file expand_doc_bib_avail.  |f 1  |g 0  |h N  |i 0  |j AN  |k 1 
TYP |a Monograph 
980 |a Mạng thư viện Đại học Đà Nẵng